000 009570000a22002890004500
090 _aAR
_b00597
245 1 0 _aBile salts of the west Indian manatee, Trichechus manatus latirostris: novel bile alcohol sulfates and absence of bile acids
650 1 4 _aMamíferos acuáticos
_993274
650 1 4 _aFisiología
_915628
650 1 4 _aBioquímica
_993680
651 4 _dFlorida
_pEstados Unidos
_992749
653 _gTrichechus
_eTrichechus manatus
_vmanatí
041 0 _aInglés
700 1 _aOdell, Daniel K.
_993308
700 1 _aSchteingart, C. D.
_993681
700 1 _aHagey, L. R.
_993682
700 1 _aMosbach, E. H.
_993683
700 1 _aRossi, S. S.
_993684
700 1 _aHofmann, A. F.
_993685
700 1 _aMatoba, N.
_993686
700 1 _aUne, M.
_993687
700 1 _aHoshita, T.
_993688
700 1 _aCohen, B. I.
_993689
100 1 _aKuroki, S.
_993690
942 _cARTICULO
773 1 _tJournal of Lipid Research
_3229
_h29
_q509-522
_d1988
_g29
999 _c9689
_d9689